Hospodársky výsledok a výpočet splatnej dane

Pri zisťovaní základu dane sa u daňovníkov účtujúcich v sústave podvojného účtovníctva vychádza z hospodárskeho výsledku. Hospodársky výsledok pred zdanením zahŕňa všetky náklady a výnosy, ktoré v príslušnom období vznikli. Zmeny daňovej legislatívy pri prevode účtovného hospodárskeho výsledku na da...

Descrizione completa

Salvato in:
Dettagli Bibliografici
Autore principale: Vanko, Jozef
Natura: Capitolo di libro
Lingua:slovacco
Soggetti:
Tags: Aggiungi Tag
Nessun Tag, puoi essere il primo ad aggiungerne!!

MARC

LEADER 00000naa a2200000 4500
001 r048144
005 20230720081511.4
041 0 |a slo 
044 |a SK 
245 1 0 |a Hospodársky výsledok a výpočet splatnej dane  |c Jozef Vanko 
520 |a Pri zisťovaní základu dane sa u daňovníkov účtujúcich v sústave podvojného účtovníctva vychádza z hospodárskeho výsledku. Hospodársky výsledok pred zdanením zahŕňa všetky náklady a výnosy, ktoré v príslušnom období vznikli. Zmeny daňovej legislatívy pri prevode účtovného hospodárskeho výsledku na daňový základ. Najčastejšie sa vyskytujúce prípady korigujúce hospodársky výsledok. 
610 2 0 |a výsledok hospodársky 
610 2 0 |a účtovníctvo 
610 2 0 |a náklady 
610 2 0 |a výnosy 
610 2 0 |a základ dane 
610 2 0 |a položky opravné 
610 2 0 |a prípady účtovné 
100 1 |a Vanko, Jozef